00294nam a2200121Ia 4500008004100000100001800041245003800059260002800097300000900125650001400134942000700148999001700155190216s9999||||xx |||||||||||||| ||und|| aKumaranasan N 0aKumaranasante Padyakritikal Vol 1 bSarada Book Depotc1968 a567p aKavithkal cBK c24347d24347